<?xml version="1.0" encoding="UTF-8"?>
<record
    xmlns:xsi="http://www.w3.org/2001/XMLSchema-instance"
    xsi:schemaLocation="http://www.loc.gov/MARC21/slim http://www.loc.gov/standards/marcxml/schema/MARC21slim.xsd"
    xmlns="http://www.loc.gov/MARC21/slim">

  <leader>00518nam a2200181Ia 4500</leader>
  <controlfield tag="003">OSt</controlfield>
  <controlfield tag="005">20221114053335.0</controlfield>
  <controlfield tag="008">211109s9999||||xx |||||||||||||| ||und||</controlfield>
  <datafield tag="040" ind1=" " ind2=" ">
    <subfield code="c">SBCL</subfield>
  </datafield>
  <datafield tag="082" ind1=" " ind2=" ">
    <subfield code="a">913.38</subfield>
    <subfield code="b">SEY-D</subfield>
  </datafield>
  <datafield tag="100" ind1=" " ind2=" ">
    <subfield code="a">Seyffert, Oskar</subfield>
  </datafield>
  <datafield tag="245" ind1=" " ind2="0">
    <subfield code="a">Dictionary of Classical Antiquities</subfield>
  </datafield>
  <datafield tag="260" ind1=" " ind2=" ">
    <subfield code="b">Mittal</subfield>
    <subfield code="a">Delhi</subfield>
    <subfield code="c">1900</subfield>
  </datafield>
  <datafield tag="300" ind1=" " ind2=" ">
    <subfield code="a">716p.</subfield>
  </datafield>
  <datafield tag="630" ind1=" " ind2=" ">
    <subfield code="x">REFERENCE READING ROOM</subfield>
  </datafield>
  <datafield tag="650" ind1=" " ind2=" ">
    <subfield code="a">HISTORY &amp; GEOGRAPHY</subfield>
    <subfield code="v">HISTORY OF ANCIENT WORLD TO CA.499</subfield>
    <subfield code="x">Geography of &amp; travel in ancient world</subfield>
  </datafield>
  <datafield tag="942" ind1=" " ind2=" ">
    <subfield code="c">BOOK</subfield>
  </datafield>
  <datafield tag="952" ind1=" " ind2=" ">
    <subfield code="0">0</subfield>
    <subfield code="1">0</subfield>
    <subfield code="2">ddc</subfield>
    <subfield code="4">0</subfield>
    <subfield code="7">0</subfield>
    <subfield code="a">SBCL</subfield>
    <subfield code="b">SBCL</subfield>
    <subfield code="c">1</subfield>
    <subfield code="d">2021-11-09</subfield>
    <subfield code="g">100.00</subfield>
    <subfield code="l">0</subfield>
    <subfield code="o">913.38 SEY-D</subfield>
    <subfield code="p">00080994</subfield>
    <subfield code="r">2021-11-09 00:00:00</subfield>
    <subfield code="w">2021-11-09</subfield>
    <subfield code="y">BOOK</subfield>
  </datafield>
  <datafield tag="999" ind1=" " ind2=" ">
    <subfield code="c">39450</subfield>
    <subfield code="d">39450</subfield>
  </datafield>
</record>
